MARC details
| 000 -CABECERA |
| campo de control de longitud fija |
01251cam a2200241 a 4500 |
| 001 - NÚMERO DE CONTROL |
| campo de control |
000013236 |
| 005 - FECHA Y HORA DE LA ÚLTIMA TRANSACCIÓN |
| campo de control |
20260306121547.0 |
| 008 - DATOS DE LONGITUD FIJA--INFORMACIÓN GENERAL |
| campo de control de longitud fija |
871026s1985 cl ab b i000 0 spa |
| 040 ## - FUENTE DE LA CATALOGACIÓN |
| Centro catalogador/agencia de origen |
DO-SdBNP |
| Lengua de catalogación |
spa |
| Centro/agencia transcriptor |
BNPHU |
| 082 ## - NÚMERO DE LA CLASIFICACIÓN DECIMAL DEWEY |
| Número de clasificación |
337.1 |
| Número de documento/Ítem |
P349ó |
| 100 1# - ENTRADA PRINCIPAL--NOMBRE DE PERSONA |
| Nombre de persona |
Peña Velásquez, Margarita. |
| 9 (RLIN) |
30388 |
| 245 10 - MENCIÓN DE TÍTULO |
| Título |
Organización de la comunidad internacional / |
| Mención de responsabilidad, etc. |
Margarita Peña Velasquez, Sixto Tirso Junco Gómez. |
| 260 ## - PUBLICACIÓN, DISTRIBUCIÓN, ETC. |
| Lugar de publicación, distribución, etc. |
Santiago de Chile : |
| Nombre del editor, distribuidor, etc. |
Oficina Regional de Educación de la Unesco para América Latina y el Caribe, |
| Fecha de publicación, distribución, etc. |
1985. |
| 300 ## - DESCRIPCIÓN FÍSICA |
| Extensión |
201 p. : |
| Otras características físicas |
il., mapas ; |
| Dimensiones |
22 cm. |
| 500 ## - NOTA GENERAL |
| Nota general |
República de Colombia, Ministerio de Educación Nacional, Oficina de Relaciones Internacionales, Comisión Nacional Colombiana de Cooperación con la Unesco. |
| 500 ## - NOTA GENERAL |
| Nota general |
A la cabeza del título: Organización de las Naciones Unidas para la Educación, la Ciencia y la Cultura. |
| 504 ## - NOTA DE BIBLIOGRAFÍA, ETC. |
| Nota de bibliografía, etc. |
Incluye bibliografía (P. 154) |
| 650 #0 - PUNTO DE ACCESO ADICIONAL DE MATERIA--TÉRMINO DE MATERIA |
| Término de materia o nombre geográfico como elemento de entrada |
Organismos internacionales |
| 9 (RLIN) |
30389 |
| 650 #0 - PUNTO DE ACCESO ADICIONAL DE MATERIA--TÉRMINO DE MATERIA |
| Término de materia o nombre geográfico como elemento de entrada |
Integración económica internacional |
| 9 (RLIN) |
2840 |
| 700 1# - PUNTO DE ACCESO ADICIONAL--NOMBRE DE PERSONA |
| Nombre de persona |
Junco Gómez, Sixto Tirso. |
| 9 (RLIN) |
30390 |
| 710 2# - PUNTO DE ACCESO ADICIONAL--NOMBRE DE ENTIDAD CORPORATIVA |
| Nombre de entidad corporativa o nombre de jurisdicción como elemento de entrada |
Unesco. |
| Unidad subordinada |
Regional Office for Education in Latin America and the Caribbean. |
| 9 (RLIN) |
30391 |
| 710 2# - PUNTO DE ACCESO ADICIONAL--NOMBRE DE ENTIDAD CORPORATIVA |
| Nombre de entidad corporativa o nombre de jurisdicción como elemento de entrada |
Comisión Nacional Colombiana de Cooperación con la Unesco. |
| 9 (RLIN) |
30392 |